| 000 | 00924nam a2200253 4500 | ||
|---|---|---|---|
| 999 |
_c64351 _d64351 |
||
| 005 | 20240530110727.0 | ||
| 008 | 180321s2016 ua a g b 000 0 ara d | ||
| 017 |
_a2015/2391 _bمصر. دار الكتب |
||
| 020 | _a9789776469273 | ||
| 040 |
_aEG-CaGPL _cEG-CaGPL |
||
| 082 | 0 | 4 |
_221 _a150.287\ _bم م |
| 100 | 0 | _aمجدى محمد الدسوقى | |
| 245 | 1 | 0 |
_aمقياس السلوك التنمرى للاطفال والمراهقين / _cمجدى محمد الدسوقى . |
| 250 | _aط.1 | ||
| 260 |
_aالقاهرة : _bدار العلوم للنشر والتوزيع، _c2016 |
||
| 300 |
_a75 ص. ؛ _c24 سم. |
||
| 650 | 0 | 7 |
_2qrmak _aالاطفال _xعلم نفس |
| 650 | 0 | 7 |
_2qrmak _aالاسرة |
| 650 | 0 | 7 |
_2qrmak _aالاحباط |
| 650 | 0 | 7 |
_2qrmak _aاداب السلوك للاطفال والشباب |
| 651 | _2qrmak | ||
| 942 |
_2ddc _cBK |
||